Poesie lesbiche /

保存先:
書誌詳細
第一著者: Bianchi, Lorena
フォーマット: 図書
言語:英語
タグ: タグ追加
タグなし, このレコードへの初めてのタグを付けませんか!

MARC

LEADER 00000nam a2200000 4500
001 CDOM0000001068
003 mi
005 20250828213749.0
008 250828b |||||||| |||| 00| 0 eng d
040 |c mi 
100 |a Bianchi, Lorena 
245 1 |a Poesie lesbiche /  |c Lorena Bianchi 
942 |2 ddc  |c BK 
952 |0 0  |1 0  |2 ddc  |4 0  |6 RACC_0102  |7 1  |9 5275  |a MI  |b MI  |d 2005-08-14  |i G-5  |l 0  |o RACC-01-02  |p CDOMG-5  |r 2025-07-13 16:27:00  |w 2025-07-13  |x DONO DELL'AUTRICE  |y BK 
999 |c 4211  |d 4211